000 00509nam a2200193Ia 4500
005 20240823023446.0
008 240823s9999||||xx |||||||||||||| ||und||
020 _a978-81-203-0653-0
041 _aENGLISH
082 _A610.28 P9
100 _a"Cromwell,Leslie [etal]"
245 0 _aBiomedical Instrumentatin and Measurements
250 _aIInd
260 _c2009
_bP H I. New Delhi
500 _aTRANSFERED
650 _aBiomedical Instrumentation
_bInstrumentation
942 _cBK
999 _c181589
_d181589